[Event "European zonal 3 group B"]
[Site "Warsaw POL"]
[Date "1979.01.??"]
[Round "4"]
[White "Popov, Luben"]
[Black "Adorjan, Andras"]
[Result "1/2-1/2"]
[WhiteElo "2430"]
[BlackElo "2525"]
[EventDate "1979.01.06"]
[PlyCount "24"]

1.c4 g6 2.Nc3 c5 3.g3 Bg7 4.Bg2 Nc6 5.e3 e6 6.Nge2 Nge7 7.O-O O-O 8.d4 
cxd4 9.Nxd4 d5 10.cxd5 Nxd5 11.Nxd5 Nxd4 12.exd4 exd5 1/2-1/2

[Event "European zonal 3 group B"]
[Site "Warsaw POL"]
[Date "1979.01.??"]
[Round "4"]
[White "Sikora-Lerch, Jan"]
[Black "Schmidt, Wlodzimierz"]
[Result "0-1"]
[WhiteElo "2430"]
[BlackElo "2430"]
[EventDate "1979.01.06"]
[PlyCount "100"]

1.e4 Nf6 2.e5 Nd5 3.d4 d6 4.Be2 dxe5 5.dxe5 Nc6 6.Nf3 Bg4 7.O-O e6 8.a3 
Be7 9.c4 Nb6 10.Bf4 Bxf3 11.Bxf3 Qxd1 12.Rxd1 Nxc4 13.Nc3 N4xe5 14.Bxe5 
Nxe5 15.Bxb7 Rb8 16.Ba6 Rxb2 17.Rab1 Rxb1 18.Rxb1 Kd7 19.Rb7 Ra8 20.Bb5+ 
Kd8 21.f4 Nd7 22.Bc6 Rb8 23.a4 Rxb7 24.Bxb7 g5 25.fxg5 Bxg5 26.Kf2 f5 27.
Nb5 Nc5 28.Bc6 a6 29.Na3 Nd3+ 30.Ke2 Ne5 31.Bb7 Be7 32.Nc2 a5 33.h3 c6 34.
Ba6 Kc7 35.Nd4 Kd7 36.Nf3 Ng6 37.Nd2 Bb4 38.Nc4 Nf4+ 39.Kf3 Nd5 40.Ne5+ 
Kc7 41.Bd3 Nb6 42.Bc2 Bc3 43.Nf7 h5 44.Ng5 Kd6 45.Ke2 c5 46.Nf3 c4 47.Nh4 
Bf6 48.Ng6 h4 49.g3 hxg3 50.h4 Nd5 0-1

[Event "European zonal 3 group B"]
[Site "Warsaw POL"]
[Date "1979.01.??"]
[Round "4"]
[White "Smejkal, Jan"]
[Black "Ghinda, Mihail Viorel"]
[Result "1-0"]
[WhiteElo "2550"]
[BlackElo "2455"]
[EventDate "1979.01.06"]
[PlyCount "85"]

1.Nf3 Nf6 2.c4 g6 3.Nc3 d5 4.Qa4+ Bd7 5.Qb3 dxc4 6.Qxc4 Bg7 7.g3 O-O 8.Bg2
Bc6 9.O-O a6 10.Re1 b5 11.Qb3 Ne4 12.Nxe4 Bxe4 13.d3 Bd5 14.Qc2 Bb7 15.Be3
Nd7 16.Rab1 Rc8 17.b4 e5 18.Nxe5 Bxg2 19.Nxd7 Qxd7 20.Kxg2 Rfe8 21.Bc5 h5 
22.h4 g5 23.hxg5 Qg4 24.Qd2 Be5 25.Rh1 Bxg3 26.f3 Bf4+ 27.fxg4 Bxd2 28.Kf2
Bxg5 29.Rxh5 Bf6 30.Rh6 Re6 31.Rbh1 Rd8 32.Kf3 Kg7 33.g5 Bxg5 34.Rxe6 fxe6
35.Rg1 Rd5 36.Be7 Kh6 37.Bxg5+ Rxg5 38.Rxg5 Kxg5 39.Ke4 Kf6 40.Kd4 Kf5 41.
e3 Kg4 42.Ke5 Kf3 43.e4 1-0

[Event "European zonal 3 group B"]
[Site "Warsaw POL"]
[Date "1979.01.??"]
[Round "5"]
[White "Ghinda, Mihail Viorel"]
[Black "Popov, Luben"]
[Result "1-0"]
[WhiteElo "2455"]
[BlackElo "2430"]
[EventDate "1979.01.06"]
[PlyCount "82"]

1.e4 Nf6 2.e5 Nd5 3.d4 d6 4.Nf3 g6 5.Bc4 Nb6 6.Bb3 d5 7.h3 a5 8.a4 Bg7 9.
O-O Nc6 10.Nc3 O-O 11.Re1 Bf5 12.Ne2 Qd7 13.Ng3 Be6 14.Ng5 Rae8 15.f4 f6 
16.Nxe6 Qxe6 17.c3 fxe5 18.fxe5 Qc8 19.h4 e6 20.h5 Ne7 21.hxg6 hxg6 22.Qg4
c5 23.Ne4 cxd4 24.Nd6 Qd7 25.Nxe8 Rxe8 26.cxd4 Nf5 27.Bd2 Nc4 28.Bxc4 dxc4
29.Bxa5 Re7 30.Bc3 Bh6 31.Qe4 Rh7 32.Rad1 Bg5 33.g4 Rh4 34.Qf3 Qh7 35.gxf5
Rf4 36.Qh1 Rg4+ 37.Kf2 Bh4+ 38.Ke2 Qh5 39.Kd2 Qg5+ 40.Kc2 Qxf5+ 41.Kc1 
Bg5+ 1-0

[Event "European zonal 3 group B"]
[Site "Warsaw POL"]
[Date "1979.01.??"]
[Round "5"]
[White "Ghitescu, Theodor"]
[Black "Smejkal, Jan"]
[Result "0-1"]
[WhiteElo "2400"]
[BlackElo "2550"]
[EventDate "1979.01.06"]
[PlyCount "48"]

1.d4 Nf6 2.c4 g6 3.Nc3 d5 4.f3 c6 5.e4 dxe4 6.fxe4 e5 7.Bg5 h6 8.Bh4 exd4 
9.e5 g5 10.exf6 Qxf6 11.Qe2+ Qe6 12.O-O-O dxc3 13.Qc2 Qe3+ 14.Kb1 gxh4 15.
Nf3 Be6 16.Bd3 Bg7 17.Rhe1 Qb6 18.b3 Na6 19.Rxe6+ fxe6 20.Bg6+ Ke7 21.Re1 
Raf8 22.Bf5 Nc7 23.Qe4 Rxf5 24.Qxf5 Qf2 0-1

[Event "European zonal 3 group B"]
[Site "Warsaw POL"]
[Date "1979.01.??"]
[Round "5"]
[White "Sax, Gyula"]
[Black "Kuligowski, Adam"]
[Result "1-0"]
[WhiteElo "2590"]
[BlackElo "2495"]
[EventDate "1979.01.06"]
[PlyCount "63"]

1.e4 e6 2.d4 d5 3.e5 c5 4.c3 Nc6 5.Nf3 Qb6 6.a3 c4 7.g3 Bd7 8.Nbd2 Na5 9.
h4 h5 10.Bh3 f6 11.exf6 gxf6 12.O-O O-O-O 13.Re1 Nh6 14.Nh2 Nf7 15.Bg2 Nd6
16.Rb1 Re8 17.Ndf1 Bg7 18.Bf3 Ref8 19.Bxh5 e5 20.Ne3 Bc6 21.Qg4+ f5 22.
Qxg7 exd4 23.cxd4 Qd8 24.Bf3 f4 25.Nxd5 Rf7 26.Ne7+ Kc7 27.Qg5 fxg3 28.
Qxa5+ b6 29.Qxa7+ Nb7 30.fxg3 Bxf3 31.Re6 Qxd4+ 32.Be3 1-0

[Event "European zonal 3 group B"]
[Site "Warsaw POL"]
[Date "1979.01.??"]
[Round "5"]
[White "Schmidt, Wlodzimierz"]
[Black "Ermenkov, Evgeny"]
[Result "1/2-1/2"]
[WhiteElo "2430"]
[BlackElo "2495"]
[EventDate "1979.01.06"]
[PlyCount "21"]

1.d4 e6 2.c4 c5 3.d5 exd5 4.cxd5 d6 5.Nc3 g6 6.e4 Bg7 7.Nf3 a6 8.a4 Bg4 9.
Be2 Bxf3 10.Bxf3 Nd7 11.O-O 1/2-1/2

[Event "European zonal 3 group B"]
[Site "Warsaw POL"]
[Date "1979.01.??"]
[Round "6"]
[White "Ermenkov, Evgeny"]
[Black "Kuligowski, Adam"]
[Result "1-0"]
[WhiteElo "2495"]
[BlackElo "2495"]
[EventDate "1979.01.06"]
[PlyCount "77"]

1.e4 c5 2.Nc3 d6 3.f4 g6 4.Nf3 Bg7 5.Bc4 Nc6 6.d3 e6 7.f5 exf5 8.O-O Nge7 
9.Qe1 h6 10.Kh1 Be6 11.exf5 Bxf5 12.Nh4 O-O 13.Nd5 Bc8 14.Qg3 Nxd5 15.Bxd5
Ne7 16.Bb3 d5 17.c3 Be6 18.Bd2 Qb6 19.Rae1 c4 20.dxc4 dxc4 21.Be3 Qb5 22.
Bd1 g5 23.Bd4 Rad8 24.Bxg7 Kxg7 25.Nf3 Nf5 26.Qf2 Qb6 27.Nd4 Nxd4 28.Qf6+ 
Kg8 29.cxd4 Qxd4 30.Qxh6 Qg7 31.Qh5 Rd4 32.Bc2 Rfd8 33.Be4 b5 34.Kg1 b4 
35.h4 gxh4 36.Rf4 Rd2 37.Rxh4 R8d4 38.Bh7+ Kf8 39.Qc5+ 1-0

[Event "European zonal 3 group B"]
[Site "Warsaw POL"]
[Date "1979.01.??"]
[Round "6"]
[White "Sikora-Lerch, Jan"]
[Black "Ghinda, Mihail Viorel"]
[Result "1/2-1/2"]
[WhiteElo "2430"]
[BlackElo "2455"]
[EventDate "1979.01.06"]
[PlyCount "47"]

1.e4 Nf6 2.e5 Nd5 3.c4 Nb6 4.c5 Nd5 5.Nc3 c6 6.Nf3 d6 7.Nxd5 cxd5 8.cxd6 
exd6 9.d4 Nc6 10.Be2 Be7 11.O-O O-O 12.Qb3 dxe5 13.dxe5 d4 14.Rd1 Qb6 15.
Qxb6 axb6 16.Bf4 Rd8 17.Bb5 Na7 18.Bd3 Bg4 19.Be4 g5 20.Bg3 Nc6 21.a3 Rac8
22.h3 Bxf3 23.gxf3 Bf8 24.f4 1/2-1/2

[Event "European zonal 3 group B"]
[Site "Warsaw POL"]
[Date "1979.01.??"]
[Round "7"]
[White "Ghitescu, Theodor"]
[Black "Sikora-Lerch, Jan"]
[Result "1-0"]
[WhiteElo "2400"]
[BlackElo "2430"]
[EventDate "1979.01.06"]
[PlyCount "53"]

1.c4 g6 2.e4 Bg7 3.d4 d6 4.Nc3 Nc6 5.Be3 e5 6.d5 Nce7 7.g4 f5 8.f3 Nf6 9.
h3 O-O 10.Bd3 c5 11.Nge2 Bd7 12.a3 fxe4 13.Nxe4 Nxe4 14.Bxe4 b5 15.cxb5 
Bxb5 16.Nc3 Rb8 17.h4 Be8 18.Qc2 Kh8 19.h5 gxh5 20.gxh5 h6 21.O-O-O Rb7 
22.Rdg1 Ng8 23.Rh3 Nf6 24.Bg6 e4 25.fxe4 Nd7 26.Qd2 Be5 27.Bd4 1-0

[Event "European zonal 3 group B"]
[Site "Warsaw POL"]
[Date "1979.01.??"]
[Round "7"]
[White "Kuligowski, Adam"]
[Black "Smejkal, Jan"]
[Result "0-1"]
[WhiteElo "2495"]
[BlackElo "2550"]
[EventDate "1979.01.06"]
[PlyCount "84"]

1.d4 Nf6 2.c4 g6 3.Nc3 d5 4.Nf3 Bg7 5.Qb3 dxc4 6.Qxc4 O-O 7.e4 Bg4 8.Be3 
Nfd7 9.Qb3 Nb6 10.Rd1 e6 11.Be2 Nc6 12.Ng1 Bxe2 13.Ngxe2 Qe7 14.O-O Na5 
15.Qc2 Nac4 16.Bc1 e5 17.d5 Nd6 18.b3 f5 19.exf5 gxf5 20.f4 e4 21.Be3 Rf7 
22.Rf2 Rc8 23.Nd4 a6 24.Qe2 Rf6 25.Qe1 Rg6 26.Rc2 Qf7 27.Nde2 Kh8 28.Ng3 
Rh6 29.Nf1 Nd7 30.Bd4 Bxd4+ 31.Rxd4 Nc5 32.Rdd2 Nd3 33.Qe3 Rg8 34.Ne2 Ne1 
35.Neg3 Nxc2 36.Rxc2 Rg7 37.Qc1 Qxd5 38.Rxc7 Qd4+ 39.Kh1 Rxc7 40.Qxc7 Rg6 
41.h3 e3 42.Qe7 Rg8 0-1

[Event "European zonal 3 group B"]
[Site "Warsaw POL"]
[Date "1979.01.??"]
[Round "7"]
[White "Sax, Gyula"]
[Black "Popov, Luben"]
[Result "1/2-1/2"]
[WhiteElo "2590"]
[BlackElo "2430"]
[EventDate "1979.01.06"]
[PlyCount "26"]

1.e4 Nf6 2.e5 Nd5 3.d4 d6 4.Nf3 Bg4 5.Be2 e6 6.O-O Be7 7.c4 Nb6 8.h3 Bh5 
9.Nc3 O-O 10.Be3 d5 11.cxd5 exd5 12.Nd2 Bxe2 13.Nxe2 f6 1/2-1/2

[Event "European zonal 3 group B"]
[Site "Warsaw POL"]
[Date "1979.01.??"]
[Round "8"]
[White "Ermenkov, Evgeny"]
[Black "Smejkal, Jan"]
[Result "1/2-1/2"]
[WhiteElo "2495"]
[BlackElo "2550"]
[EventDate "1979.01.06"]
[PlyCount "24"]

1.e4 g6 2.d4 Bg7 3.Nf3 d6 4.Nc3 Nf6 5.Be2 O-O 6.O-O Bg4 7.Be3 Nc6 8.Qd2 e5
9.dxe5 dxe5 10.Rad1 Qc8 11.Qc1 Rd8 12.Rxd8+ Qxd8 1/2-1/2

[Event "European zonal 3 group B"]
[Site "Warsaw POL"]
[Date "1979.01.??"]
[Round "8"]
[White "Popov, Luben"]
[Black "Kuligowski, Adam"]
[Result "1-0"]
[WhiteElo "2430"]
[BlackElo "2495"]
[EventDate "1979.01.06"]
[PlyCount "45"]

1.d4 Nf6 2.c4 e6 3.Nf3 b6 4.a3 Bb7 5.Nc3 d5 6.cxd5 Nxd5 7.e3 Be7 8.Bb5+ c6
9.Bd3 O-O 10.e4 Nxc3 11.bxc3 c5 12.O-O cxd4 13.cxd4 Nc6 14.Be3 Bf6 15.Bb1 
Ba6 16.e5 Bxf1 17.exf6 Bb5 18.fxg7 Re8 19.Ng5 Kxg7 20.Qh5 Qc7 21.Qxh7+ Kf8
22.Bg6 Nd8 23.Nxf7 1-0

[Event "European zonal 3 group B"]
[Site "Warsaw POL"]
[Date "1979.01.??"]
[Round "8"]
[White "Schmidt, Wlodzimierz"]
[Black "Ghitescu, Theodor"]
[Result "1/2-1/2"]
[WhiteElo "2430"]
[BlackElo "2400"]
[EventDate "1979.01.06"]
[PlyCount "50"]

1.d4 Nf6 2.c4 c5 3.d5 g6 4.Nc3 Bg7 5.e4 d6 6.Nf3 O-O 7.Be2 Re8 8.Bf4 e6 9.
dxe6 Bxe6 10.Bxd6 Qa5 11.O-O Nc6 12.a3 Red8 13.b4 cxb4 14.axb4 Qxa1 15.
Qxa1 Nxe4 16.Nxe4 Bxa1 17.Rxa1 Bf5 18.Bc7 Bxe4 19.Bxd8 Nxd8 20.Nd2 Bf5 21.
Nb3 b6 22.Bf3 Rc8 23.Bd5 Be6 24.Rxa7 Bxd5 25.cxd5 Rc3 1/2-1/2

[Event "European zonal 3 group B"]
[Site "Warsaw POL"]
[Date "1979.01.??"]
[Round "8"]
[White "Sikora-Lerch, Jan"]
[Black "Sax, Gyula"]
[Result "1/2-1/2"]
[WhiteElo "2430"]
[BlackElo "2590"]
[EventDate "1979.01.06"]
[PlyCount "27"]

1.e4 c5 2.f4 e6 3.Nf3 d5 4.exd5 exd5 5.Bb5+ Bd7 6.Qe2+ Qe7 7.Ne5 Nc6 8.Nc3
Nf6 9.Bxc6 Bxc6 10.O-O Nd7 11.Nxc6 Qxe2 12.Nxe2 bxc6 13.b3 Nb6 14.Ba3 
1/2-1/2

[Event "European zonal 3 group B"]
[Site "Warsaw POL"]
[Date "1979.01.??"]
[Round "9"]
[White "Ghinda, Mihail Viorel"]
[Black "Ermenkov, Evgeny"]
[Result "1-0"]
[WhiteElo "2455"]
[BlackElo "2495"]
[EventDate "1979.01.06"]
[PlyCount "103"]

1.e4 e6 2.d4 d5 3.Nd2 dxe4 4.Nxe4 Nd7 5.Nf3 Be7 6.c4 Ngf6 7.Nc3 O-O 8.Bd3 
b6 9.O-O Bb7 10.Re1 c5 11.d5 exd5 12.cxd5 Nxd5 13.Nxd5 Bxd5 14.Bxh7+ Kxh7 
15.Qxd5 Kg8 16.Qb7 Bf6 17.Rd1 Bd4 18.Nxd4 cxd4 19.Rxd4 Qe8 20.Be3 Nc5 21.
Qf3 Qe6 22.Rh4 Rfe8 23.Qh5 f6 24.h3 Nd7 25.Qh7+ Kf8 26.Rg4 Re7 27.Bh6 Qg8 
28.Qf5 Qh8 29.Bd2 a5 30.Bc3 Rc8 31.Rd1 Rc5 32.Qf3 Qh5 33.Qg3 Rd5 34.Rdd4 
Rxd4 35.Rxd4 Qf5 36.a3 Kf7 37.Rg4 Kg8 38.Qc7 Qe6 39.Rd4 Nc5 40.Qb8+ Re8 
41.Qc7 Re7 42.Rd8+ Kh7 43.Qg3 Rd7 44.Qh4+ Kg6 45.Rh8 Rd5 46.b4 axb4 47.
axb4 Ne4 48.Qh7+ Kf7 49.Qg8+ Ke7 50.Qf8+ Kd7 51.Qc8+ Kd6 52.Rd8+ 1-0

[Event "European zonal 3 group B"]
[Site "Warsaw POL"]
[Date "1979.01.??"]
[Round "9"]
[White "Kuligowski, Adam"]
[Black "Sikora-Lerch, Jan"]
[Result "1/2-1/2"]
[WhiteElo "2495"]
[BlackElo "2430"]
[EventDate "1979.01.06"]
[PlyCount "26"]

1.c4 c5 2.Nc3 g6 3.g3 Nc6 4.Bg2 Bg7 5.e3 e6 6.Nge2 Nge7 7.d4 cxd4 8.Nxd4 
Nxd4 9.exd4 d5 10.cxd5 Nxd5 11.Nxd5 exd5 12.O-O O-O 13.Be3 Be6 1/2-1/2

[Event "European zonal 3 group B"]
[Site "Warsaw POL"]
[Date "1979.01.??"]
[Round "9"]
[White "Smejkal, Jan"]
[Black "Popov, Luben"]
[Result "1/2-1/2"]
[WhiteElo "2550"]
[BlackElo "2430"]
[EventDate "1979.01.06"]
[PlyCount "25"]

1.Nf3 Nf6 2.c4 g6 3.d4 Bg7 4.g3 O-O 5.Bg2 d6 6.O-O Nc6 7.Nc3 a6 8.h3 Rb8 
9.Bg5 b5 10.cxb5 axb5 11.Rc1 Na5 12.b3 b4 13.Bxf6 1/2-1/2